00446 2200181 4500001002100000005001500021008004100036020002200077035001900099082000900118090001400127100002000141245003000161250001000191260002500201300002400226650001400250INLIS00000000000652320241224113315241224||||||||| | ||| |||| ||  a978-602-9212-17-4 0010-12240065230 aNONE a153 ARI s0 aM.Arief Budiman00aSpiritual Creativepreneur aCet.1 aSolobMetagrafc2012 aix, 217 hlm.; 20 cm 0aPsikologi